[Event "Zuglo Hotel op"]
[Site "Budapest"]
[Date "1999.02.27"]
[Round "9"]
[White "Gladyszev, Oleg"]
[Black "Miroshnichenko, Evgeny"]
[Result "1/2-1/2"]
[WhiteElo "2388"]
[BlackElo "2500"]

1.d4 Nf6 2.c4 Nc6 3.Nf3 d6 4.d5 Ne5 5.Nxe5 dxe5 6.g3 e6 7.Bg2 exd5 8.cxd5 Bd6
9.O-O O-O 10.Nc3 a6  1/2-1/2

[Event "Chess Masters 3rd"]
[Site "Enghien-les-Bains"]
[Date "1999.03.06"]
[Round "4"]
[White "Sadler, Matthew"]
[Black "Bologan, Viktor"]
[Result "0-1"]
[WhiteElo "2667"]
[BlackElo "2608"]

1.d4 Nf6 2.c4 Nc6 3.Nf3 e6 4.a3 d6 5.Nc3 g6 6.e4 Bg7 7.h3 O-O 8.Be3 Re8 9.Bd3 Nd7
10.Be2 e5 11.d5 Nd4 12.Nxd4 exd4 13.Bxd4 Bxd4 14.Qxd4 Nc5 15.Rd1 Qg5 16.Bf3 f5
17.O-O f4 18.Kh2 Nd7 19.Bg4 Ne5 20.Bxc8 f3 21.g3 Raxc8 22.Rh1 a6 23.Qd2 Qxd2
24.Rxd2 Nxc4 25.Rd4 Ne5 26.Rc1 h5 27.Nb1 g5 28.Nd2 g4 29.h4 Kf7 30.Kg1 Re7
31.Kf1 Nd7 32.Rdc4 Nf6 33.R1c3 b5 34.Rd4 Nd7 35.Ke1 Nc5 36.b4 Na4 37.Rc6 a5
38.bxa5 Nc5 39.Kd1 Ra8 40.a6 Nxa6 41.Rc3 Nc5 42.Kc2 Kf6 43.Rb4 Ra5 44.Re3 Re8
45.Kc1 Ke5 46.Kc2 Rea8 47.Kb2 R8a6 48.Ka2 Ra4 49.Rxb5 Rb6 50.Rxb6 cxb6 51.Kb2 Nxe4
52.Kb3 Rd4 53.Nxe4 Rxe4 54.Rxe4+ Kxe4 55.Kc4 b5+ 56.Kxb5 Kd3 57.Kc6 Ke2 58.Kxd6 Kxf2
59.Ke5 Kxg3 60.d6 f2 61.d7 f1=Q 62.d8=Q Kh3 63.Qd7 Kxh4  0-1

[Event "Bucharest TIT (Women)"]
[Site "Bucharest"]
[Date "1999.03.18"]
[Round "15"]
[White "Barasiant, Mariana"]
[Black "Andreescu, Nicoleta Aurora"]
[Result "0-1"]
[WhiteElo "2057"]
[BlackElo "2118"]

1.d4 Nf6 2.c4 Nc6 3.Nf3 e6 4.g3 d5 5.cxd5 exd5 6.Bg2 Bf5 7.a3 Qd7 8.Nc3 Ne4
9.Qb3 Na5 10.Qxd5 Qxd5 11.Nxd5 O-O-O 12.Ne3 Bg6 13.Ne5 Nb3 14.Nxg6 hxg6 15.Rb1 Rxd4
16.O-O Bc5 17.Bxe4 Rxe4 18.Rd1 Nxc1 19.Rbxc1 Bxe3 20.fxe3 Rxe3 21.Rc2 f5
22.Rd4 g5 23.Rcd2 Re7 24.Rd5 g6 25.R5d4 Reh7 26.e4 f4 27.gxf4 gxf4 28.e5 g5
29.e6 Re7 30.Re4 Rhe8 31.Rde2 f3 32.R2e3 Rf8 33.Kf2 Rh7 34.Rxf3 Rxh2+ 35.Kg3 Rxf3+
36.Kxh2 Kd8 37.Kg2 Rb3 38.e7+ Ke8 39.Re2 c5 40.Kf2 g4 41.Kg2 b5 42.Kf2 c4
43.Kg2 a5  0-1

[Event "Bled op"]
[Site "Bled"]
[Date "1999.03.26"]
[Round "7"]
[White "Leskiewicz, Maksymilian"]
[Black "Lazovic, Gordan"]
[Result "0-1"]
[WhiteElo "2223"]
[BlackElo "2311"]

1.d4 Nf6 2.c4 Nc6 3.Nc3 e5 4.d5 Ne7 5.e4 Ng6 6.Be3 Bb4 7.f3 Bxc3+ 8.bxc3 d6
9.g3 O-O 10.Bh3 Nd7 11.Qd2 b6 12.Rb1 Nc5 13.Bxc8 Qxc8 14.Ne2 Qa6 15.Rb5 f5
16.Bxc5 dxc5 17.exf5 Rxf5 18.O-O Raf8 19.Qd3 Qxa2 20.Nc1 Qa6 21.Nb3 Qc8 22.Nd2 Qd7
23.Ne4 Qf7 24.Kg2 Rd8 25.Rb2 h6 26.Rd2 Ne7 27.Rfd1 Nc8 28.Ra1 a5 29.Rb1 Nd6
30.Nxd6 Rxd6 31.Qe4 Rdf6 32.Rf1 Rg5 33.Kh1 Qh5 34.Rg2 Qh3 35.Rff2 Qf5 36.Qe3 Qb1+
37.Rg1 Qb3 38.f4 exf4 39.Rxf4 Rxf4 40.Qxf4 Qxc3 41.h4 Re5 42.Rf1 Qe3 43.Qf7+ Kh7
44.d6 cxd6 45.Rf6 Qe4+ 46.Kh2 Re7  0-1

[Event "Novgorod op"]
[Site "Novgorod"]
[Date "1999.03.26"]
[Round "8"]
[White "Sorokin, Maxim"]
[Black "Poluljahov, Aleksandr"]
[Result "1/2-1/2"]
[WhiteElo "2551"]
[BlackElo "2566"]

1.d4 Nf6 2.c4 Nc6 3.Nf3 e6 4.a3 d6 5.Nc3 g6 6.g3 Bg7 7.Bg2 O-O 8.O-O Re8
9.e3 a5 10.Bd2 Rb8 11.Rc1 b6 12.d5 Ne7 13.Nd4 Ba6 14.dxe6 Bxc4 15.exf7+ Bxf7
16.e4 Nxe4 17.Nxe4 Bxd4 18.Bg5 Bg7 19.Bf6 d5 20.Bxg7 dxe4 21.Bh6 Nf5 22.Bf4 Qf6
23.Bxc7 Rbc8 24.Re1 e3 25.Re2 Qd4 26.Qxd4 Nxd4 27.Ree1 exf2+  1/2-1/2

[Event "Hessen-ch op"]
[Site "Baunatal"]
[Date "1999.03.27"]
[Round "4"]
[White "Blum, Ralph"]
[Black "Petri, Klaus"]
[Result "1/2-1/2"]
[WhiteElo "2056"]
[BlackElo "2190"]

1.d4 Nf6 2.c4 Nc6 3.Nc3 e5 4.d5 Ne7 5.g3 Ng6 6.Bg2 Bc5 7.Nf3 d6 8.O-O O-O
9.Bg5 h6 10.Bxf6 Qxf6 11.Ne4 Qe7 12.Nxc5 dxc5 13.e4 Bg4  1/2-1/2

[Event "Novgorod op"]
[Site "Novgorod"]
[Date "1999.03.27"]
[Round "9"]
[White "Yarovik, Yuri"]
[Black "Kondenko, Alexey"]
[Result "1-0"]
[WhiteElo "2415"]
[BlackElo "2254"]

1.d4 Nf6 2.c4 Nc6 3.Nc3 e5 4.d5 Ne7 5.g3 Ng6 6.Bg2 Bc5 7.Nf3 O-O 8.O-O h6
9.Ne1 a6 10.Nc2 d6 11.e4 Bg4 12.Qd3 Qd7 13.Be3 Bh3 14.Bxc5 dxc5 15.Ne3 Ne8
16.Qe2 Nd6 17.Qh5 Bxg2 18.Kxg2 Rfe8 19.b3 b5 20.Qe2 b4 21.Na4 Nxe4 22.f3 Ng5
23.Nxc5 Nf4+ 24.gxf4 Qh3+ 25.Kh1 exf4 26.Qg2 Rxe3 27.Qxh3 Nxh3 28.Kg2 Ng5
29.Rae1 a5 30.Rxe3 fxe3 31.f4 Nh7 32.Re1 a4 33.Nxa4 Ra5 34.Rxe3 Kf8 35.Kf3 Nf6
36.h3 g6 37.Ke2 Nh5 38.Kf3 Nf6 39.Re2 Nd7 40.Ke3 Ra6 41.Kd4 Rf6 42.Rf2 Rf5
43.Nb2 Rh5 44.Rf3 Rh4 45.Nd3 g5 46.Nxb4 h5 47.c5 g4 48.hxg4 hxg4 49.Rg3 f5
50.c6 Nf6 51.d6 Kf7 52.dxc7 Rh8 53.Nd5 Ne4 54.Rg2 Ke6 55.Nb6 Nd6 56.Re2+ Kf6
57.c8=Q  1-0

[Event "Zalakaros Kupa 18th"]
[Site "Zalakaros"]
[Date "1999.05.14"]
[Round "3"]
[White "Potapenko, A."]
[Black "Meszaros, Gyula"]
[Result "0-1"]
[WhiteElo "2136"]
[BlackElo "2311"]

1.d4 Nf6 2.c4 Nc6 3.Nf3 e6 4.Nc3 Bb4 5.Qc2 O-O 6.Bg5 h6 7.Bxf6 Qxf6 8.e3 d6
9.Bd3 e5 10.O-O Bxc3 11.Qxc3 Bg4 12.dxe5 dxe5 13.Be4 Rae8 14.Bxc6 bxc6 15.Nd2 Qg6
16.f3 Bh3 17.Rf2 Bc8 18.e4 Qg5 19.Nb3 f5 20.Nc5 Qh4 21.Re1 f4 22.Nd3 Qf6
23.Qa5 Rf7 24.Qxa7 g5 25.g4 fxg3 26.hxg3 Qe6 27.Qe3 Qxc4 28.b3 Qe6 29.f4 gxf4
30.gxf4 Kh7 31.f5 Rg8+ 32.Kh1 Qf6 33.Rh2 Rg5 34.Rg1 Rfg7 35.Rxg5 Rxg5 36.Qc5 Bxf5
37.exf5 Qxf5 38.Qf2 Qxd3 39.Qf7+ Rg7  0-1

[Event "NOR-chT"]
[Site "Langesund"]
[Date "1999.05.16"]
[Round "7"]
[White "Heim, Sverre"]
[Black "Gudbrandsen, Gustav"]
[Result "0-1"]
[WhiteElo "2386"]
[BlackElo "2343"]

1.d4 Nf6 2.c4 Nc6 3.Nf3 e6 4.Nc3 Bb4 5.Qc2 d6 6.Bd2 e5 7.d5 Bxc3 8.Bxc3 Ne7
9.e4 O-O 10.g3 Bg4 11.Bg2 Qd7 12.O-O Bh3 13.Ne1 Bxg2 14.Nxg2 Qh3 15.Ne3 Nd7
16.b3 Rae8 17.Rae1 h5 18.f3 f6 19.Qg2 Qxg2+ 20.Nxg2 f5 21.f4 Nc5 22.exf5 e4
23.f6 gxf6 24.f5 c6 25.Nf4 cxd5 26.Nxd5 Nxd5 27.cxd5 Nd3 28.Re2 Kf7 29.Bd4 b6
30.a4 Rg8 31.Kg2 Nb4 32.Rfe1 Nxd5 33.Rxe4 Rxe4 34.Rxe4 Rg5 35.a5 Rxf5 36.axb6 axb6
37.Re2 h4 38.Ra2 hxg3 39.hxg3 Rg5 40.Kf3 Rg8 41.Ra7+ Ke6 42.Rb7 Rc8 43.g4 Rc1
44.Rb8 Rb1 45.Re8+ Ne7 46.Rf8 Rxb3+ 47.Kf2 Nd5 48.Re8+ Kd7 49.Re2 Rh3 50.Re1 b5
51.Rg1 Rd3 52.Ba1 b4 53.g5 fxg5 54.Rxg5 Nc3 55.Rg4 Rd1 56.Bxc3 bxc3 57.Rc4 Rd3
58.Ke2 Rh3 59.Kd1 d5 60.Rg4 Rh2 61.Rd4 Kd6 62.Rd3 c2+ 63.Kc1 Ke5 64.Rc3 Ke4
65.Rg3 d4 66.Rg1 d3 67.Rg4+ Ke3 68.Rg3+ Ke2 69.Rg1 Kf2  0-1

[Event "CCA ChessWise op"]
[Site "Stratton Mountain"]
[Date "1999.06.13"]
[Round "5"]
[White "Miton, Kamil"]
[Black "Bologan, Viktor"]
[Result "0-1"]
[WhiteElo "2383"]
[BlackElo "2608"]

1.d4 Nf6 2.c4 Nc6 3.Nf3 e6 4.Nc3 Bb4 5.Bd2 O-O 6.g3 d6 7.a3 Bxc3 8.Bxc3 Ne4
9.Qc2 Nxc3 10.Qxc3 Qe7 11.Bg2 e5 12.d5 Nb8 13.e4 f5 14.exf5 Bxf5 15.Nd2 a5
16.b3 Nd7 17.O-O Qf6 18.b4 b6 19.Ne4 Qg6 20.Qe3 Ra7 21.c5 Rfa8 22.cxd6 cxd6
23.Rac1 axb4 24.axb4 Ra3 25.Qe2 Ra2 26.Qb5 Rf8 27.Qc4 Rb2 28.Rc2 b5 29.Qc3 Rxc2
30.Qxc2 Nf6 31.Nxf6+ Rxf6 32.Qd2 Be4 33.Bxe4 Qxe4 34.Re1 Qg4 35.h4 Rf8 36.Rc1 h6
37.Rc7 Qe4 38.Qa2 Qxb4 39.Qa7 Kh8 40.Rb7 Qe1+ 41.Kg2 Qe4+ 42.Kg1 Qxd5 43.Rxg7 Qd1+
44.Kg2 Qf3+ 45.Kg1 Qxf2+ 46.Qxf2 Rxf2 47.Rb7 Rd2 48.Rxb5 Kg7 49.Kf1 Kf6 50.Rb8 Kf5
51.Rh8 Kg4 52.Rxh6 Kxg3 53.Ke1 Rd3 54.h5 Kf4 55.Ke2 Re3+ 56.Kd2 d5 57.Rh8 Rh3
58.h6 Ke4 59.h7 d4 60.Ke2 Rh2+  0-1

[Event "World op"]
[Site "Philadelphia"]
[Date "1999.06.28"]
[Round "2"]
[White "Khan, Anna"]
[Black "Bologan, Viktor"]
[Result "0-1"]
[WhiteElo "2293"]
[BlackElo "2608"]

1.d4 Nf6 2.c4 Nc6 3.Nf3 e6 4.a3 d6 5.Nc3 g6 6.e4 Bg7 7.Be2 O-O 8.O-O Re8
9.Bg5 h6 10.Bh4 g5 11.Bg3 Nh5 12.d5 Ne7 13.Rc1 Ng6 14.Ne1 Nhf4 15.Nd3 Nxe2+
16.Nxe2 e5 17.c5 f5 18.exf5 Bxf5 19.cxd6 cxd6 20.Nc3 Qb6 21.Nb4 a5 22.Nc2 Nf4
23.Ne3 Bg6 24.Nc4 Qa6 25.Bxf4 exf4 26.Qa4 Rec8 27.Nb5 Be8  0-1

[Event "GM Event"]
[Site "Biel"]
[Date "1999.07.19"]
[Round "1"]
[White "Pelletier, Yannick"]
[Black "Bologan, Viktor"]
[Result "0-1"]
[WhiteElo "2479"]
[BlackElo "2620"]

1.d4 Nf6 2.c4 Nc6 3.Nf3 e6 4.Nc3 Bb4 5.Qc2 O-O 6.Bd2 d6 7.a3 Bxc3 8.Bxc3 Qe7
9.e3 a5 10.Bd3 e5 11.d5 Nb8 12.Nd2 c6 13.e4 Nh5 14.g3 Bh3 15.Be2 Nf6 16.O-O-O b5
17.cxb5 cxd5 18.exd5 Bg2 19.Rhe1 Bxd5 20.Bf3 Nbd7 21.Ne4 Bxe4 22.Bxe4 Nxe4
23.Qxe4 Nc5 24.Qd5 Rfd8 25.Kb1 Kh8 26.Rc1 Qb7 27.Qxb7 Nxb7 28.Red1 f6 29.Rd5 Kg8
30.b6 Rdc8 31.a4 Kf7 32.Rb5 Ke6 33.b4 axb4 34.Rxb4 Rcb8 35.Kc2 Ra6 36.Ra1 Rba8
37.Kb3 Kd7 38.Bd2 Nc5+ 39.Kc4 Kc6 40.Be3 d5+ 41.Kc3 d4+  0-1

[Event "Bydgoszcz Bank Pocztowy op"]
[Site "Bydgoszcz"]
[Date "1999.07.20"]
[Round "9"]
[White "Simantsev, Mikhail"]
[Black "Poluljahov, Aleksandr"]
[Result "0-1"]
[WhiteElo "2409"]
[BlackElo "2554"]

1.d4 Nf6 2.c4 Nc6 3.Nc3 e5 4.d5 Ne7 5.e4 Ng6 6.Be3 Bb4 7.f3 O-O 8.Ne2 d6
9.a3 Bc5 10.Qd2 Nd7 11.g3 a5 12.Bh3 Nb6 13.Bxc8 Nxc4 14.Qd3 Nxe3 15.Bf5 Ne7
16.Kd2 c6 17.Rae1 cxd5 18.Nxd5 N7xf5 19.exf5 Nxd5 20.Qxd5 Qg5+ 21.Kc2 Qxf5+
22.Qe4 Qxe4+ 23.fxe4  0-1

[Event "BCF-ch 86th"]
[Site "Scarborough"]
[Date "1999.08.06"]
[Round "6"]
[White "Palliser, Richard"]
[Black "Scannell, Steven"]
[Result "1-0"]
[WhiteElo "2253"]
[BlackElo "2069"]

1.d4 Nf6 2.c4 Nc6 3.Nf3 e6 4.Nc3 Bb4 5.Qc2 d6 6.Bd2 Qe7 7.a3 Bxc3 8.Bxc3 a5
9.b3 e5 10.dxe5 dxe5 11.e3 Bg4 12.Nd2 Bh5 13.Bd3 Bg6 14.Ne4 Nxe4 15.Bxe4 Qc5
16.Bb2 O-O 17.Bxg6 hxg6 18.O-O Rad8 19.Rfd1 Rfe8 20.h3 Rxd1+ 21.Rxd1 Rd8
22.Rxd8+ Nxd8 23.Qe4 Nc6 24.Qd5 Qb6 25.Qb5 f6 26.Bc3 Qxb5 27.cxb5 Na7 28.Bxa5 b6
29.Bb4 Nxb5 30.a4 Na7 31.Bc3 Kf7 32.b4 Ke6 33.e4 b5 34.a5 Nc6 35.Kf1 Nb8
36.Ke2 Kd6 37.Kd3 c5 38.Kc2 Na6 39.Kb3 Kc6 40.h4 Kd6 41.Bd2 Kc6 42.g3 Kd6
43.Be1 Kc6 44.Bc3 Kd6 45.f4 exf4 46.gxf4 Kc6 47.f5 gxf5 48.exf5 c4+ 49.Ka3 Kd6
50.h5 Ke7 51.Kb2 Kf7 52.Bd2 Ke7 53.Kc3 Kd7 54.Kd4 Kc6 55.Bg5 Nxb4 56.Bxf6 c3
57.Bxg7 Nd5 58.Kd3 Nf4+ 59.Kxc3 Nxh5 60.Be5 Kc5 61.Kd3 Kd5 62.a6 Kc6 63.Ke3  1-0

[Event "Polanica Zdroj op"]
[Site "Polanica Zdroj"]
[Date "1999.08.20"]
[Round "4"]
[White "Simantsev, Mikhail"]
[Black "Brodsky, Michail"]
[Result "1/2-1/2"]
[WhiteElo "2409"]
[BlackElo "2512"]

1.d4 Nf6 2.c4 Nc6 3.Nf3 e6 4.Nc3 Bb4 5.Qc2 d6 6.a3 Bxc3+ 7.Qxc3 O-O 8.g3 e5
9.Bg2 e4 10.Nd2 Bf5 11.d5 Ne5 12.O-O Re8 13.Re1 c6 14.dxc6 Nxc6 15.Nb3 Rc8
16.Nd4 Nxd4 17.Qxd4 Qb6 18.Qxb6 axb6 19.b3 d5 20.Be3 dxc4 21.bxc4 Rxc4 22.Bxb6 Nd5
23.Rab1 Nc3 24.Rb2 h5 25.f3 exf3 26.Bxf3 Be4 27.Bf2 Ra8  1/2-1/2

[Event "London MSO Masters"]
[Site "London"]
[Date "1999.08.26"]
[Round "6"]
[White "Palliser, Richard"]
[Black "Webster, Andrew"]
[Result "0-1"]
[WhiteElo "2253"]
[BlackElo "2427"]

1.d4 Nf6 2.c4 Nc6 3.Nf3 e6 4.Nc3 Bb4 5.Qc2 O-O 6.e4 d6 7.e5 Nd7 8.a3 Bxc3+
9.Qxc3 a5 10.Bf4 dxe5 11.dxe5 Nc5 12.Qe3 b6 13.Bg5 f6 14.exf6 gxf6 15.Rd1 Qe7
16.Bh4 e5 17.Be2 Bb7 18.O-O Rae8 19.Rfe1 Qg7 20.Bf1 f5 21.Qd2 a4 22.Bg5 f4
23.Bh4 e4 24.Nd4 Ne5  0-1

[Event "EU-ch U14"]
[Site "Litohoto"]
[Date "1999.09.07"]
[Round "5"]
[White "Seifert, Volker"]
[Black "Llobell Cortell, Enrique"]
[Result "0-1"]
[WhiteElo "2099"]
[BlackElo "2198"]

1.d4 Nf6 2.c4 Nc6 3.Nc3 e5 4.d5 Ne7 5.e4 Ng6 6.Bd3 Bc5 7.Nge2 Ng4 8.O-O Qh4
9.h3 Nxf2 10.Rxf2 Qxf2+ 11.Kh2 Nh4 12.Nf4 exf4 13.Qf1 Qg3+ 14.Kh1 f3 15.gxf3 Nxf3  0-1

[Event "CRO-chT"]
[Site "Pula"]
[Date "1999.09.10"]
[Round "2"]
[White "Brumen, Dinko"]
[Black "Levacic, Patrick"]
[Result "0-1"]
[WhiteElo "2360"]
[BlackElo "2389"]

1.d4 Nf6 2.c4 Nc6 3.Nf3 e6 4.d5 exd5 5.cxd5 Bb4+ 6.Nc3 Ne7 7.Qd4 Nexd5 8.e4 Qe7
9.e5 d6 10.Bd2 dxe5 11.Qxe5 Qxe5+ 12.Nxe5 Nxc3 13.bxc3 Bd6 14.Nc4 Bc5 15.Be3 Bxe3
16.Nxe3 Be6 17.Be2 O-O-O 18.O-O Rd2 19.Bc4 Bxc4 20.Nxc4 Re2 21.f4 Rd8 22.a4 Nd5
23.Ra3 Re4 24.Na5 Nb6 25.c4 Nxc4 26.Nxc4 Rxc4 27.Rh3 h6 28.f5 f6 29.Re1 Rcd4
30.Re7 Rd1+ 31.Kf2 R1d2+ 32.Kf1 R2d7 33.Rhe3 c6 34.g4 Rxe7 35.Rxe7 Rd7 36.Re8+ Kc7
37.Kf2 Kb6 38.h4 Kc5 39.Re4 b5  0-1

[Event "Wch U20"]
[Site "Yerevan"]
[Date "1999.09.27"]
[Round "10"]
[White "Bognar, Csaba"]
[Black "Janssen, Ruud"]
[Result "0-1"]
[WhiteElo "2237"]
[BlackElo "2448"]

1.d4 Nf6 2.c4 Nc6 3.Nf3 e6 4.e3 Bb4+ 5.Bd2 Bxd2+ 6.Nbxd2 d6 7.Bd3 O-O 8.O-O e5
9.Ne4 Bg4 10.d5 Nxe4 11.dxc6 Nc5 12.cxb7 Rb8 13.Be2 Rxb7 14.Rb1 Bxf3 15.Bxf3 e4
16.b4 exf3 17.bxc5 Rxb1 18.Qxb1 Qg5 19.g3 Qxc5 20.Qe4 Rb8 21.Rb1 Rxb1+ 22.Qxb1 g6
23.Qe4 Qf5 24.Qxf5 gxf5 25.h3 h5 26.h4 Kg7 27.Kf1 Kf6 28.Ke1 Ke5 29.Kd2 Ke4
30.Kc3 c5 31.a3 d5 32.cxd5 Kxd5 33.Kd3 c4+ 34.Kd2 Kc5 35.Kc3 Kb5 36.Kd4 a5
37.e4 Ka4  0-1

[Event "Wch U14"]
[Site "Oropesa del Mar"]
[Date "1999.11.04"]
[Round "10"]
[White "Markos, Jan"]
[Black "Llobell Cortell, Enrique"]
[Result "1-0"]
[WhiteElo "2248"]
[BlackElo "2198"]

1.d4 Nf6 2.c4 Nc6 3.Nf3 e6 4.a3 d5 5.Nc3 a6 6.b3 Bd6 7.Bb2 O-O 8.e3 Re8 9.Bd3 dxc4
10.bxc4 e5 11.d5 Na5 12.Qc2 b6 13.Ng5 h6 14.Nge4 Nxe4 15.Nxe4 Bf8 16.O-O Nb7
17.f4 exf4 18.Rxf4 f5 19.Ng3 Bd6 20.Rf3 g6 21.Nxf5 gxf5 22.Bxf5 Be5 23.Bh7+ Kh8
24.Rf8+ Kg7 25.Qg6+ Kxf8 26.Rf1+  1-0

[Event "ch-ESP (team) Div 2"]
[Site "Cala Galdana ESP"]
[Date "1999.11.10"]
[Round "3"]
[White "Rodriguez,Or"]
[Black "Arizmendi Martinez,J"]
[Result "1-0"]
[WhiteElo "2483"]
[BlackElo "2465"]

1.d4 Nf6 2.c4 Nc6 3.Nf3 e6 4.Nc3 Bb4 5.Qc2 O-O 6.a3 Bxc3+ 7.Qxc3 d6 8.g3 Qe7
9.Bg2 e5 10.d5 Nd8 11.O-O Ne4 12.Qc2 f5 13.Nh4 Ng5 14.f4 exf4 15.gxf4 Ne4
16.Nf3 Nf7 17.Nd2 Nf6 18.Nf3 Ne4 19.Qd3 Bd7 20.Be3 Rfe8 21.Bd4 c5 22.dxc6 bxc6
23.b4 c5 24.Bb2 Bc6 25.Rad1 Rad8 26.Rfe1 Bb7 27.e3 Nh6 28.h3 Nf7 29.Qc2 Bc6
30.Kh2 h6 31.Rg1 g5 32.Nd2 Kh7 33.Nxe4 fxe4 34.Bf3 Bd7 35.Bh5 Rg8 36.Qc3 gxf4
37.Rg7+  1-0

[Event "Agneaux St Lo op"]
[Site "Agneaux"]
[Date "1999.??.??"]
[Round "4"]
[White "Tridant, Thierry"]
[Black "Meszaros, Gyula"]
[Result "0-1"]
[WhiteElo "1890"]
[BlackElo "2310"]

1.d4 Nf6 2.c4 Nc6 3.Nc3 e5 4.d5 Ne7 5.Nf3 Ng6 6.a3 a5 7.g3 Bc5 8.Bg2 d6 9.O-O h6
10.Ne1 Bd7 11.Nd3 Bd4 12.h3 Bxc3 13.bxc3 e4 14.Nb2 O-O 15.Qd4 Qe7 16.Be3 b6
17.Kh2 Rae8 18.Rad1 Bc8 19.Rb1 Nd7 20.Nd1 f5 21.f4 exf3 22.exf3 f4  0-1

[Event "Agneaux St Lo op"]
[Site "Agneaux"]
[Date "1999.??.??"]
[Round "7"]
[White "Dumitrache, Dragos"]
[Black "Berkes, Ferenc"]
[Result "1/2-1/2"]
[WhiteElo "2425"]
[BlackElo "2245"]

1.d4 Nf6 2.c4 Nc6 3.Nf3 e6 4.a3 d6 5.Nc3 a5 6.g3 Be7 7.Bg2 O-O 8.O-O e5 9.h3 Nd7
10.d5 Ncb8 11.e4 Na6 12.Be3 g6 13.Nd2 f5 14.exf5 gxf5 15.f4 Bf6 16.fxe5 Nxe5
17.Qc2 Qe7 18.Bh6 Rf7 19.Kh2 Bd7 20.Rae1 Kh8 21.Nf3 Rg8 22.Bf4 Rfg7 23.Re3 Qe8
24.Rfe1 Nxf3+ 25.Bxf3 Qg6 26.h4 Qf7 27.Qe2 Bd4 28.Bh5 Qf6 29.Re7 Rxe7 30.Qxe7 Rg7
31.Qxf6 Bxf6 32.Be8 Bxe8 33.Rxe8+ Rg8 34.Re6 Kg7 35.Na4 Kf7 36.b3 Rg4 37.Kh3 Bxh4
38.Rh6 Bf6 39.Rxh7+ Bg7 40.Bh6 Kg8 41.Rxg7+ Rxg7 42.Bxg7 Kxg7 43.Kg2 Kf6
44.Kf3 Ke5 45.Ke3 Nc5 46.Nxc5 dxc5 47.a4 c6  1/2-1/2

[Event "AUT-chT 9899"]
[Site "AUT"]
[Date "1999.??.??"]
[Round "?"]
[White "Hoelzl, Franz"]
[Black "Blatny, Pavel"]
[Result "1/2-1/2"]
[WhiteElo "2420"]
[BlackElo "2560"]

1.d4 Nf6 2.c4 Nc6 3.Nf3 e6 4.Nbd2 d6 5.e4 e5 6.d5 Ne7 7.c5 Ng6 8.Qa4+ Nd7
9.h4 h5 10.c6 bxc6 11.Qxc6 Rb8 12.Nb3 Be7 13.Be3 O-O 14.Qc2 Nf6 15.Bxa7 Rb7
16.Nfd2  1/2-1/2

[Event "AUT-chT2O 9899"]
[Site "AUT"]
[Date "1999.??.??"]
[Round "6"]
[White "Weinzetl, Andreas"]
[Black "Todor, Razvan"]
[Result "1/2-1/2"]
[WhiteElo "1825"]
[BlackElo "2205"]

1.d4 Nf6 2.c4 Nc6 3.Nc3 e5 4.d5 Ne7 5.e4 Ng6 6.Nf3 Bb4 7.Qc2 O-O 8.Bd3 a5
9.O-O d6 10.a3 Bc5 11.Bd2 Nh5 12.Na4 Ba7 13.g3 Bg4 14.Be2 f5 15.Bg5 Qd7 16.Be3 fxe4
17.Ng5 Bxe3 18.fxe3 Nf6 19.Nc3 h6 20.Ngxe4 Nxe4 21.Nxe4 Ne7 22.Nc3 Bh3 23.Rxf8+ Rxf8
24.Bf1 Bxf1 25.Rxf1 Rxf1+ 26.Kxf1 c6 27.Kg2 Qg4 28.Qe4 Qxe4+ 29.Nxe4 cxd5
30.Nxd6 b6 31.cxd5 Nxd5 32.Kf3 Nf6 33.Nc4 Nd7 34.Ke4  1/2-1/2

[Event "Avoine op"]
[Site "Avoine"]
[Date "1999.??.??"]
[Round "5"]
[White "Dumitrache, Dragos"]
[Black "Nevednichy, Vladislav"]
[Result "1/2-1/2"]
[WhiteElo "2426"]
[BlackElo "2505"]

1.d4 Nf6 2.c4 Nc6 3.Nf3 e6 4.g3 Bb4+ 5.Bd2 Qe7 6.Bg2 Bxd2+ 7.Qxd2 Ne4 8.Qc2 Qb4+
9.Nc3 Nxc3 10.Qxc3 Qxc3+ 11.bxc3 d6 12.Nd2 Bd7 13.O-O  1/2-1/2

[Event "Landesliga Sued 9899"]
[Site "Bayern"]
[Date "1999.??.??"]
[Round "?"]
[White "Schmidt, Anton"]
[Black "Heiduczek, Josef"]
[Result "0-1"]
[WhiteElo "2105"]
[BlackElo "2170"]

1.d4 Nf6 2.c4 Nc6 3.Nf3 e6 4.Nc3 Bb4 5.Bg5 h6 6.Bh4 g5 7.Bg3 Ne4 8.Rc1 h5
9.d5 h4 10.Bxc7 Qxc7 11.dxc6 f5 12.Qd4 Rh7 13.e3 dxc6 14.Bd3 Bc5 15.Qe5 Bd6
16.Qd4 e5 17.Nxe4 exd4 18.Nf6+ Kf8 19.Nxh7+ Qxh7 20.c5 Be7 21.Nxd4 Bf6 22.O-O Bxd4
23.exd4 Be6 24.Rfe1 Bd5 25.Re5 Be4 26.Bxe4 fxe4 27.Rxg5 Rd8 28.Rd1 Kf7 29.h3 Rg8
30.Rxg8 Qxg8 31.d5 cxd5 32.Rxd5 Ke6 33.Rd6+ Ke5 34.b3 Qg7 35.b4 Kf5 36.Rd5+ Kf4
37.Rh5 Qf6 38.Rxh4+ Ke5 39.Rh7 Qc6 40.h4 Kd4 41.Rg7 Kc4 42.a3 Qd5 43.Rg3 Qd1+
44.Kh2 Qh5 45.Kh3 Qf5+ 46.Rg4 Kd3 47.Kg3 Qe5+ 48.Kh3 Ke2 49.Rg5 Qf4 50.g4 Qf3+  0-1

[Event "Berlin Tegel-B"]
[Site "Berlin"]
[Date "1999.??.??"]
[Round "7"]
[White "Paulsen, Dirk"]
[Black "Lorenz, Sascha"]
[Result "1/2-1/2"]
[WhiteElo "2330"]
[BlackElo "2270"]

1.d4 Nf6 2.c4 Nc6 3.d5 Ne5 4.e4 e6 5.Qd4 Bb4+ 6.Bd2 Bxd2+ 7.Nxd2 d6 8.f4 c5
9.Qc3 Ng6 10.e5 dxe5 11.fxe5 Ng4 12.Ngf3 exd5 13.cxd5 O-O 14.e6 Nf4 15.Qxc5 Nxd5
16.exf7+ Rxf7 17.Bc4 Re7+ 18.Kf1 Be6 19.Kg1 Rc8 20.Qd4 Qb6 21.Re1 Nge3 22.Qxb6 axb6
23.Bb3 Kh8 24.h3 Bg8 25.Kf2 Rce8 26.Nf1 Nf5 27.Rxe7 Rxe7 28.Ng3 Nxg3 29.Kxg3 Nb4
30.Rd1 Bxb3 31.axb3 h6 32.Rd8+ Kh7 33.h4 Nc6 34.Rc8 Re3 35.h5 Rxb3 36.Rc7 Ne5
37.Rc3 Rxc3 38.bxc3 Nxf3 39.Kxf3 g6 40.Kg4 gxh5+ 41.Kf5 Kg7 42.c4 Kf7 43.Ke5 Kg6
44.Kd6 Kg5 45.Kc7 Kg4 46.Kxb7 Kg3 47.Kxb6 Kxg2 48.c5 h4 49.c6 h3 50.c7 h2
51.c8=Q h1=Q 52.Qc6+  1/2-1/2

[Event "Cannes"]
[Site "Cannes"]
[Date "1999.??.??"]
[Round "3"]
[White "Chabanon, Jean Luc"]
[Black "Sulava, Nenad"]
[Result "1-0"]
[WhiteElo "2468"]
[BlackElo "2466"]

1.d4 Nf6 2.c4 Nc6 3.Nc3 e5 4.d5 Ne7 5.e4 Ng6 6.Be3 Bb4 7.Bd3 O-O 8.Rc1 Nf4
9.Bxf4 exf4 10.Ne2 Re8 11.f3 Bc5 12.Nxf4 Be3 13.Nce2 Bxc1 14.Qxc1 d6 15.g4 c6
16.Ng3 cxd5 17.cxd5 Nd7 18.O-O Ne5 19.Be2 Bd7 20.Nfh5 Rc8 21.Qd2 f6 22.Kh1 Nf7
23.Rg1 Kh8 24.Bd1 a5 25.Ne2 Qb6 26.Nef4 Qb4 27.Qf2 Rc1 28.Nd3 Qc4 29.Nxc1 Qxc1
30.Ba4 Qc7 31.Bxd7 Qxd7 32.Nf4 Rc8 33.Ne6 Ng5 34.Nxg5 fxg5 35.Qd2 Qf7 36.Rf1 Qf6
37.b3 b6 38.Kg2 Rc3 39.e5 Qxe5 40.Re1  1-0

[Event "EU-ch Union SCIPT"]
[Site "DEN"]
[Date "1999.??.??"]
[Round "5"]
[White "Henriksen, Geir"]
[Black "Boog, Alexandre"]
[Result "0-1"]
[WhiteElo "2220"]
[BlackElo "2285"]

1.d4 Nf6 2.c4 Nc6 3.Nf3 e6 4.g3 Bb4+ 5.Bd2 Qe7 6.Bg2 Bxd2+ 7.Nbxd2 d6 8.O-O e5
9.dxe5 dxe5 10.Ng5 O-O 11.Rc1 Bf5 12.Nge4 Nxe4 13.Nxe4 Rad8 14.Qa4 Bxe4 15.Bxe4 Nd4
16.Rfe1 c6 17.e3 Ne6 18.Qc2 g6 19.Rcd1 Qc5 20.Qb3 Qe7 21.Bf3 a5 22.Qc3 Qc5
23.a3 a4 24.Qb4 Qa7 25.Rxd8 Rxd8 26.Rd1 Rxd1+ 27.Bxd1 Nc5 28.Bc2 Kg7 29.Kf1 Kf6
30.Ke2 Ke6 31.h4 Kd6 32.Qd2+ Kc7 33.Qc3 Kd6 34.Qd2+ Ke6 35.Qb4 b6 36.Qd2 Qa8
37.Qb4 Qa6 38.Kd2 Kd6 39.Kc3 Kc7 40.Kd2 Qa8 41.Qc3 f6 42.Ke2 Qc8 43.Ke1 Qg4
44.Kf1 Qf3 45.Kg1 Qe2 46.e4 Kd6 47.Kg2 h6 48.Kg1 g5 49.hxg5 fxg5 50.Kg2 h5
51.Kg1 h4 52.Kg2 Ke6 53.gxh4 gxh4 54.Qh3+ Kd6 55.Qc3 Ne6 56.Qb4+ Kd7 57.Qxb6 Qxc2  0-1

[Event "Eger Agria op"]
[Site "Eger"]
[Date "1999.??.??"]
[Round "?"]
[White "Horvath, Julia"]
[Black "Varadi, Viktor"]
[Result "1/2-1/2"]
[WhiteElo "2260"]
[BlackElo "2230"]

1.d4 Nf6 2.c4 Nc6 3.Nc3 e5 4.d5 Ne7 5.e4 Ng6 6.g3 Bb4 7.Bg2 Bxc3+ 8.bxc3 d6
9.Ne2 Nd7 10.O-O Nc5 11.Be3 b6 12.Bxc5 bxc5 13.Rb1 O-O 14.Qa4 f5 15.exf5 Bxf5
16.Rb2 Bd3  1/2-1/2

[Event "FIN-chT9899"]
[Site "FIN"]
[Date "1999.??.??"]
[Round "8"]
[White "Karttunen, Mika"]
[Black "Pitkanen, Sami Pekka"]
[Result "1/2-1/2"]
[WhiteElo "2293"]
[BlackElo "2175"]

1.d4 Nf6 2.c4 Nc6 3.Nc3 e5 4.d5 Ne7 5.e4 Ng6 6.Bd3 Bc5 7.Nf3 d6 8.O-O a5
9.Bg5 O-O 10.h3 h6 11.Be3 Bxe3 12.fxe3 Nd7 13.Ne2 Nc5 14.Ng3 Nh4 15.Qc2 g6
16.Nxh4 Qxh4 17.Rf3 Bd7 18.Raf1 Rae8 19.b3 Kg7 20.Qf2 Qe7 21.Bc2 f6 22.Qd2 Ra8
23.Bd1 c6 24.R3f2 cxd5 25.cxd5 Qd8 26.Be2 Qb6 27.Rc1 Qb4 28.Bc4  1/2-1/2

[Event "FRA-chT 9899"]
[Site "FRA"]
[Date "1999.??.??"]
[Round "8"]
[White "Nicoara Etchegaray, Malina"]
[Black "Theon, Pierre"]
[Result "1-0"]
[WhiteElo "2245"]
[BlackElo "2145"]

1.d4 Nf6 2.c4 Nc6 3.Nc3 e5 4.d5 Ne7 5.e4 Ng6 6.Be3 Bb4 7.Bd3 O-O 8.f3 d6
9.Ne2 Nd7 10.Qd2 Bc5 11.Rb1 a5 12.Bc2 c6 13.a3 Qh4+ 14.g3 Bxe3 15.Qxe3 Qh3
16.Kf2 f5 17.exf5 Nf6 18.Qg5 e4 19.fxg6 h6 20.Qh4 Qf5 21.Bxe4  1-0